Words of the servant of God

Saved in:
Bibliographic Details
Main Author: Sheptysky, Andrei (Author)
Format: Book
Language:Spanish
Published: Toronto Ukrainian Catholic Brotherhood of Canada 1995
Subjects:
Tags: Add Tag
No Tags, Be the first to tag this record!

MARC

LEADER 00000nam a2200000 a 4500
001 UCS3194
003 CL-VaPUC
008 970620e19950000CN |||||||||||||||||spa|d
082 0 4 |a 248.842  |b SHE  |2 21 
100 0 |a Sheptysky, Andrei  |e author  |9 527956 
245 1 0 |a Words of the servant of God 
300 |a 201 p 
942 |c BK 
945 |d 19970620 00:00:00  |a aalvarez 
260 |a Toronto  |b Ukrainian Catholic Brotherhood of Canada  |c 1995 
600 0 7 |a SHEPTYTSKY, ANDREI  |2 CL-VaPUC  |9 527957 
650 0 |a Cristianismo  |9 257361 
651 7 |a UCRANIA  |2 CL-VaPUC  |9 527958 
583 |a last modification  |c 19970620 00:00:00  |k Rodrigo Vera 
999 |c 329263  |d 329261 
952 |0 0  |1 0  |4 0  |6 248_842000000000000_SHE_1995  |7 0  |8 A  |9 413641  |a BIBTEO  |b BIBTEO  |d 2019-11-22  |i 3320812  |o 248.842 SHE 1995  |p 3320812  |r 2025-01-17  |w 2019-11-22  |y BK  |k ICR